L'Arqueologia a Catalunya, avui
Descripción Física:
180 p. : a doble columna : il., col. ; 29 cm
Materias:
Arqueologia -- Catalunya
MARC
| LEADER | 00000nam a2200000Ia 4500 | ||
|---|---|---|---|
| 001 | 1337 | ||
| 008 | 160829s1982 xx 000 0 cat d | ||
| 080 | |a H-1-67 | ||
| 245 | |a L'Arqueologia a Catalunya, avui | ||
| 260 | |a Barcelona : |b Departament de Cultura de la Generalitat de Catalunya, |c 1982 | ||
| 300 | |a 180 p. : |b a doble columna : |b il., col. ; |c 29 cm | ||
| 590 | |a Catàleg de l'exposició amb el mateix nom. | ||
| 650 | 0 | |a Arqueologia |z Catalunya |9 34340 | |
| 710 | 2 | |a Catalunya. |b Departament de Cultura |9 52819 | |
| 901 | |a Arxiu | ||
| 942 | |n 1 | ||
| 952 | |0 0 |1 0 |4 0 |6 H167 |7 1 |9 42012 |a Arxiu |b Arxiu |d 2016-12-01 |l 0 |o H-1-67 |p 1337 |r 2016-12-01 00:00:00 |w 2016-12-01 |y ARXIU | ||
| 999 | |c 44459 |d 44459 | ||